Zelda 3D Bosses - Statistics

General Stats
  • This quiz has been taken 149 times
    89 since last reset
  • The average score is 40 of 67
Answer Stats
Game Boss % Correct
BOTW Calamity Ganon
100%
BOTW Dark Beast Ganon
100%
OOT Ganon
100%
TP Ganon
100%
OOT Ganondorf
92%
WW Ganondorf
92%
TP Ganondorf
92%
TOTK Ganondorf
92%
TP Ganondorf on horseback
92%
TOTK Marbled Gohma
82%
TP Armogohma
80%
OOT Gohma
80%
WW Gohma
80%
MM Majora's Incarnation
79%
MM Majora's Mask
79%
MM Majora's Wrath
79%
BOTW Waterblight Ganon
77%
BOTW Windblight Ganon
77%
BOTW Fireblight Ganon
76%
BOTW Thunderblight Ganon
76%
SS Demise
73%
SS Ghirahim
72%
SS Ghirahim
72%
SS Ghirahim
72%
OOT King Dodongo
72%
OOT Phantom Ganon
72%
TOTK Phantom Ganons
72%
OOT Bongo Bongo
68%
OOT Volvagia
65%
TOTK Queen Gibdo
61%
OOT Twinrova
61%
TOTK Colgera
58%
OOT Morpha
56%
BOTWDLC Monk Maz Koshia
55%
MM Goht
52%
SS The Imprisoned
52%
SS The Imprisoned
52%
SS The Imprisoned
52%
TP Zant
52%
OOT Barinade
51%
MM Gyorg
49%
WW Molgera
49%
MM Twinmold
49%
TOTK Demon Dragon
46%
SS Koloktos
45%
MM Odolwa
45%
WW Puppet Ganon
45%
WW Snake Ganon
45%
WW Spider Ganon
45%
TP Zelda
45%
WW Helmaroc King
41%
WW Kalle Demos
41%
TP Stallord
39%
TP Diababa
38%
TP Blizzeta
37%
WW Jalhalla
37%
TOTK Muktorok
37%
TP Morpheel
35%
TP Fyrus
34%
WW Gohdan
34%
SS Tentalus
34%
TP Argorok
32%
SS Moldarach
32%
SS Levias
31%
SS Scaldera
31%
TOTK Seized Construct
30%
SS Bilocyte
27%
No matching quizzes found
Score Distribution
Percent of People with Each Score
Percentile by Number Answered
Your Score History
You have not taken this quiz since the last reset